| 000 | 00790nam a2200205 i 4500 | ||
|---|---|---|---|
| 001 | 30594 | ||
| 003 | ES-MaACL | ||
| 005 | 20250707073849.0 | ||
| 007 | t| | ||
| 008 | 030127s1954 sp ||||1| spa d | ||
| 100 | 1 |
_aBeltrán de Heredia y Onís, José María. _927362 |
|
| 245 | 1 | 0 |
_aEstudio clínico de la eficacia de los distintos tipos de anastomosis de los sistemas porta y cava en el tratamiento de la hipertensión portal / _cJosé María Beltrán de Heredia. |
| 260 |
_aSalamanca : _bUniversidad de Salamanca, _c1954. |
||
| 300 |
_a50 p. ; _c24 cm. |
||
| 490 | 1 |
_aActa Salmanticensia. Medicina ; _vII |
|
| 710 | 2 |
_aUniversidad de Salamanca. _97275 |
|
| 830 | 0 | 0 |
_aActa Salmanticensia. Medicina _vII _9182112 |
| 852 |
_aES-MaACL _j1971-F-13 |
||
| 999 |
_c30594 _d30594 |
||